000 00845nam a2200265 i 4500
001 5749
003 ES-MaACL
005 20230906144659.0
007 t|
008 890518s1985 sp ||||1| spa d
020 _a84-85805-25-9
080 _a615.8:546
080 _a546:615.8
100 1 _aEmbid, Alfredo.
_947137
245 1 0 _aTerapéutica con oligoelementos y diagnóstico del terreno en medicina funcional /
_cAlfredo Embid y Rosario Ortega.
250 _a1a ed.
260 _aMadrid :
_bMil y una ediciones,
_c1985.
300 _a147 p. ;
_c24 cm.
490 1 _aLas mil y una medicinas ;
_v18
650 1 4 _aOligoelementos-
_xUsos terapeúticos.
_915701
700 1 _aOrtega, Rosario.
_987428
830 0 _aLas mil y una medicinas ;
_v18
_9227726
852 _aES-MaACL
_jL-12703
_bR.116441
_z. - rust.
999 _c5749
_d5749